000 00347pam a2200157a 44500
008 230515b1993 xxu||||| |||| 00| 0 eng d
020 _aNULL
041 _aENGLISH
082 _aN.D.
100 _aAgrawal D.C.
245 _aFibre Optic Communication
250 _a0
260 _aNULL
_bWheeler Pub.
_c1993
300 _a427
650 _aNULL
999 _c575378
_d575378